How To Give Effective Feedback To Your Students (Record no. 24592)

MARC details
000 -LEADER
fixed length control field 00621nam a22002057a 4500
003 - CONTROL NUMBER IDENTIFIER
control field OSt
005 - DATE AND TIME OF LATEST TRANSACTION
control field 20260617151020.0
008 - FIXED-LENGTH DATA ELEMENTS--GENERAL INFORMATION
fixed length control field 260617b |||||||| |||| 00| 0 eng d
020 ## - INTERNATIONAL STANDARD BOOK NUMBER
International Standard Book Number 9781416607366
040 ## - CATALOGING SOURCE
Transcribing agency Chuka University Library
050 ## - LIBRARY OF CONGRESS CALL NUMBER
Classification number LB 1033
Item number .B6 2008
100 ## - MAIN ENTRY--PERSONAL NAME
Personal name Brookhart, Susan M.
9 (RLIN) 29801
245 ## - TITLE STATEMENT
Title How To Give Effective Feedback To Your Students
260 ## - PUBLICATION, DISTRIBUTION, ETC.
Place of publication, distribution, etc. Alexandria
Name of publisher, distributor, etc. ASCD
Date of publication, distribution, etc. 2008
300 ## - PHYSICAL DESCRIPTION
Extent Various pages
Other physical details Illustrated
650 ## - SUBJECT ADDED ENTRY--TOPICAL TERM
Topical term or geographic name entry element Teacher student relationships
9 (RLIN) 27752
650 ## - SUBJECT ADDED ENTRY--TOPICAL TERM
Topical term or geographic name entry element communication in education
9 (RLIN) 28567
650 ## - SUBJECT ADDED ENTRY--TOPICAL TERM
Topical term or geographic name entry element feedback[psychology]
9 (RLIN) 28568
942 ## - ADDED ENTRY ELEMENTS (KOHA)
Source of classification or shelving scheme Library of Congress Classification
Koha item type Long Loan Books
Suppress in OPAC No
Holdings
Withdrawn status Lost status Source of classification or shelving scheme Damaged status Not for loan Collection Home library Current library Shelving location Date acquired Source of acquisition Cost, normal purchase price Total Checkouts Full call number Barcode Date last seen Price effective from Koha item type
    Library of Congress Classification     General Collection Books Main Campus Library Main Campus Library General Stacks 17/06/2026 Donation from books of Africa 1416.42   LB 1033 .B6 2008 35130/2026 17/06/2026 17/06/2026 Long Loan Books

Powered by Koha